Statistiken für Das Parfum - Süskind

Klicken Sie hier um das Quiz zu spielen!

Allgemein

  • Dieses Quiz wurde 240 mal gespielt
    (239 seit der letzten Aktualisierung)
  • Das Durchschnittsergebnis liegt bei 7 aus 19

Antwortstatistiken

HinweisAntwort% Korrekt
In welchen Fluss wollte Grenouilles Mutter ihn werfen?Seine
70%
Wie viele Teile hat der Roman?4
60%
In welchem Ort begeht Grenouille 24 Morde?Grasse
58%
Die Amme, die ihn an Grimal verkauftMadame {Gaillard}
58%
Die Frau, deren Geruch ihm am wichtigsten istLaure Richis
49%
Nenne den UntertitelDie Geschichte eines Mörders
47%
In welcher Straße wurde Grenouille geboren?Rue aux {Fers}
47%
Wie heißt Pélissiers beliebter Parfum?Amor und Psyche
45%
Welche Krankheit übersteht Grenouille?Milzbrand
40%
Wer gibt Pater Terrier Grenouille zurück?Jeanne Bussie
39%
Der Berg in dem Grenouille 7 Jahre lang haust?Plomb du {Cantal}
33%
Auf dieser Brücke stand Baldinis HausPont au {Change}
27%
Bei welchem Verlag wurde er veröffentlicht?Diogenes Verlag
25%
Was passiert am Tag Grenouilles Kreuzigung?ein Bacchanal
24%
In wie viele Stücke wird Grenouille zerteilt?30
23%
Ort in dem Grenouille erstmals nach etwas riechtMontpellier
21%
Madame Arnulfis erster GeselleDominique Druot
17%
Taillade-Espinasse' geniale MaschineVitalluftventilationsapparat
11%
Nenne einen Wert im geschätzten
Bereich des Filmrechtpreises*
5 - 10 Millionen
5%

Verteilung der Resultate

Perzentil nach korrekt beantworteten Fragen

Anzahl Personen mit jedem Resultat

Ihre Resultats-Entwicklung

Sie haben dieses Quiz seit der letzten Aktualisierung nicht gespielt